Fiestas deportivas al aire libre /

TRADUCCION DE: Fetes sportives et le plein air

محفوظ في:
التفاصيل البيبلوغرافية
المؤلف الرئيسي: Limbos, Edouard (autor)
التنسيق: كتاب
سلاسل:(100 Ideas ; 22)
الموضوعات:
الوسوم: إضافة وسم
لا توجد وسوم, كن أول من يضع وسما على هذه التسجيلة!

MARC

LEADER 00000nam^a2200000^a^4500
001 000242139
005 20250521000000.0
009 20260310105246.054
035 |a 065041 
037 |a Acervo Xavier Clavigero 
082 |a 796. 1  |b LIM 
100 |a Limbos, Edouard  |e (autor) 
245 1 0 |a Fiestas deportivas al aire libre /  |c E. Limbos ; tr. por A. Lupo Canaleta. 
264 |a Barcelona, España :  |b Vilamala,  |c 1972 
300 |a 128 p. 
336 |a texto  |b txt  |2 rdacontenido 
337 |a sin mediación  |b n  |2 rdamedio 
338 |a volumen  |b nc  |2 rdasoporte 
440 1 |a (100 Ideas ;  |v 22) 
520 |a TRADUCCION DE: Fetes sportives et le plein air 
649 |a XX 
650 |a Espacios Abiertos 
650 |a Juegos 
650 |a Deportes 
910 |a Fondo General 
920 |a Impresos - Libros 
930 |a Colección General 
905 |a 101 
901 |a 065041  |b IT1  |c ACC  |i 065041  |u 20250521 
902 |a https://opac.biblio.iteso.mx/vufind/Record/000242139